<?xml version="1.0" encoding="UTF-8"?>
<record
    xmlns:xsi="http://www.w3.org/2001/XMLSchema-instance"
    xsi:schemaLocation="http://www.loc.gov/MARC21/slim http://www.loc.gov/standards/marcxml/schema/MARC21slim.xsd"
    xmlns="http://www.loc.gov/MARC21/slim">

  <leader>01549naa a2200241 i 4500</leader>
  <controlfield tag="001">712</controlfield>
  <controlfield tag="003">KOSZ 005</controlfield>
  <controlfield tag="005">20180220150148.0</controlfield>
  <controlfield tag="008">151126s2007    pl     f     |100 0 pol</controlfield>
  <datafield tag="040" ind1=" " ind2=" ">
    <subfield code="c">BPK</subfield>
    <subfield code="d">KOSZ 005/EG</subfield>
  </datafield>
  <datafield tag="080" ind1=" " ind2=" ">
    <subfield code="a">004.932</subfield>
  </datafield>
  <datafield tag="100" ind1="1" ind2=" ">
    <subfield code="a">SUSZY&#x143;SKI, Robert.</subfield>
    <subfield code="d">1996 - .</subfield>
    <subfield code="b">Politechnika Koszali&#x144;ska - Wydzia&#x142; Elektroniki i Informatyki,</subfield>
    <subfield code="c">Katedra System&#xF3;w Cyfrowego Przetwarzania Sygna&#x142;&#xF3;w</subfield>
  </datafield>
  <datafield tag="245" ind1="1" ind2="0">
    <subfield code="a">Automatyczny uk&#x142;ad koryguj&#x105;cy prowadzenie teleskopu w astrofotografii d&#x142;ugoczasowej /</subfield>
    <subfield code="c">R. Suszy&#x144;ski.</subfield>
  </datafield>
  <datafield tag="500" ind1=" " ind2=" ">
    <subfield code="a">Dane z autopsji.</subfield>
  </datafield>
  <datafield tag="520" ind1=" " ind2=" ">
    <subfield code="a">Przedstawiono przes&#x142;anki i podstawowe za&#x142;o&#x17C;enia budowy autonomicznego systemu autoguidera koryguj&#x105;cego prowadzenie teleskopu w astrofotografii d&#x142;ugoczasowej. W ramach projektu opracowano w programie MATLAB model uk&#x142;adu, weryfikuj&#x105;c jego funkcjonowanie dla rzeczywistych obraz&#xF3;w obiekt&#xF3;w astronomicznych. Zosta&#x142;y zaprezentowane podstawowe algorytmy przetwarzania sygna&#x142;&#xF3;w i poduk&#x142;ady to realizuj&#x105;ce.</subfield>
  </datafield>
  <datafield tag="650" ind1=" " ind2="0">
    <subfield code="a">Teleskop.</subfield>
  </datafield>
  <datafield tag="650" ind1=" " ind2="0">
    <subfield code="a">Konwersja danych.</subfield>
  </datafield>
  <datafield tag="650" ind1=" " ind2="0">
    <subfield code="a">Fotografia astronomiczna. </subfield>
  </datafield>
  <datafield tag="655" ind1=" " ind2="0">
    <subfield code="a">Materia&#x142;y konferencyjne.</subfield>
  </datafield>
  <datafield tag="773" ind1="0" ind2=" ">
    <subfield code="i">W :</subfield>
    <subfield code="t">Sz&#xF3;sta Krajowa Konferencja Elektroniki : materia&#x142;y konferencji. T. 2/2 / [kom. red. W&#x142;odzimierz Janke - przewodn., Maciej B&#x105;czek, Stefan &#x141;uczak]. -</subfield>
    <subfield code="d">[Gda&#x144;sk : Polskie Towarzystwo Elektrotechniki Teoretycznej i Stosowanej. Oddzia&#x142;], 2007. -</subfield>
    <subfield code="g">s. 519-524</subfield>
  </datafield>
  <datafield tag="711" ind1="2" ind2="2">
    <subfield code="a">Krajowa Konferencja Elektroniki</subfield>
    <subfield code="n">(6 ;</subfield>
    <subfield code="d">2007 ;</subfield>
    <subfield code="c">Dar&#x142;owo, Polska).</subfield>
    <subfield code="p">KKE'2007</subfield>
  </datafield>
  <datafield tag="942" ind1=" " ind2=" ">
    <subfield code="c">ROZ</subfield>
    <subfield code="2">UKD</subfield>
  </datafield>
  <datafield tag="999" ind1=" " ind2=" ">
    <subfield code="c">712</subfield>
    <subfield code="d">712</subfield>
  </datafield>
  <datafield tag="952" ind1=" " ind2=" ">
    <subfield code="0">0</subfield>
    <subfield code="1">0</subfield>
    <subfield code="4">0</subfield>
    <subfield code="7">0</subfield>
    <subfield code="a">BPK</subfield>
    <subfield code="b">BPK</subfield>
    <subfield code="o">85066</subfield>
    <subfield code="y">ROZ</subfield>
  </datafield>
</record>
